000 00362nam a2200133 a 4500
001 000031992
005 20200930063335.0
008 110707s1975 dr 000 0 spa d
040 _aDO-SdBNP
_bspa
_cBNPHU
245 0 0 _aTarifa de la editora del Caribe /.
260 _a[Santo Domingo] :
_bEditora del Caribe,
_c1975.
300 _a24 p. ;
_c16 cm.
049 _aBNPD
999 _c31483
_d31483